Music Quiz

Random Music or Song Quiz

'Take Me Out' - Franz Ferdinand Lyrics Quiz Stats

 Plays Quiz not verified by Sporcle

Score 0/234 Timer 08:00
0 Plays Today
% Correct
You
98.8%
you.
98.8%
you.
98.8%
you
98.8%
You
98.8%
you.
98.8%
you
98.8%
you
98.8%
you
98.8%
you
98.8%
you
98.8%
you
98.8%
you...
98.8%
you)
98.8%
you)
98.8%
you
98.8%
you
98.8%
you
98.8%
you
98.8%
you
98.8%
you
98.8%
you
98.8%
know
97.6%
me
97.6%
I
97.6%
I
97.6%
know
97.6%
I
97.6%
I
97.6%
know,
97.6%
know,
97.6%
I
97.6%
I
97.6%
I
97.6%
know,
97.6%
know,
97.6%
I
97.6%
me
97.6%
I
97.6%
I
97.6%
me
97.6%
I
97.6%
know
97.6%
I
97.6%
I
97.6%
know
97.6%
I
97.6%
I
97.6%
know
97.6%
I
97.6%
I
97.6%
know
97.6%
I
97.6%
me
97.6%
I
97.6%
know?
97.6%
know
97.6%
I
97.6%
me
97.6%
I
97.6%
I
97.6%
I
97.6%
me
97.6%
I
97.6%
me
97.6%
I
97.6%
know
97.6%
I
97.6%
I
97.6%
know
97.6%
I
97.6%
I
97.6%
know
97.6%
I
97.6%
I
97.6%
know
97.6%
I
97.6%
I
97.6%
% Correct
me
97.6%
take
96.5%
out!
96.5%
take
96.5%
out!
96.5%
take
96.5%
out!
96.5%
take
96.5%
out
96.5%
take
96.5%
out
96.5%
take
96.5%
out
96.5%
out!
96.5%
take
96.5%
here
95.3%
here,
95.3%
here,
95.3%
here
95.3%
here
95.3%
here
95.3%
here
95.3%
here
95.3%
here
95.3%
here
95.3%
here
95.3%
I'm
92.9%
I'm
92.9%
a
92.9%
I'm
92.9%
a
92.9%
I'm
92.9%
a
92.9%
I'm
92.9%
a
92.9%
don't
92.9%
dont
92.9%
don't
92.9%
don't
92.9%
don't
92.9%
don't
92.9%
don't
92.9%
Don't
92.9%
be
91.8%
say
91.8%
say
91.8%
say...
91.8%
say...
91.8%
say
91.8%
say
91.8%
say...
91.8%
be
91.8%
be
91.8%
be
91.8%
be
91.8%
say
91.8%
say
91.8%
say
91.8%
be
91.8%
be
91.8%
be
91.8%
be
91.8%
say
91.8%
for
90.6%
just
90.6%
just
90.6%
just
90.6%
just
90.6%
won't
90.6%
Won't
90.6%
won't
90.6%
won't
90.6%
won't
90.6%
won't
90.6%
won't
90.6%
won't
90.6%
won't
90.6%
if
89.4%
% Correct
If
89.4%
with
89.4%
If
89.4%
If
89.4%
(with
89.4%
(with
89.4%
with
89.4%
If
89.4%
If
89.4%
If
89.4%
If
89.4%
with
89.4%
leaving
88.2%
leaving
88.2%
leaving
88.2%
leaving
88.2%
leaving
88.2%
leaving
88.2%
leaving
88.2%
leaving
88.2%
leaving
88.2%
waiting
85.9%
So
83.5%
you're
83.5%
And
83.5%
die.
83.5%
die
83.5%
die
83.5%
die
83.5%
die
83.5%
die
83.5%
die
83.5%
to
82.4%
to
82.4%
from
81.2%
lonely,
78.8%
crosshair,
77.6%
crosshair,
77.6%
we
77.6%
can
77.6%
can
77.6%
can
77.6%
want
76.5%
want
76.5%
away
75.3%
leave
74.1%
leave
74.1%
move
74.1%
move
74.1%
move
74.1%
move,
74.1%
move,
74.1%
shot
71.8%
shot,
71.8%
this
71.8%
this
71.8%
this
71.8%
this
71.8%
this
71.8%
this
71.8%
broken,
70.6%
time
69.4%
could
69.4%
could
69.4%
could
69.4%
could
69.4%
lie.
65.9%
shattered,
63.5%
is
63.5%
then
62.4%
slow.
61.2%
show.
61.2%
on,
52.9%
Come
43.5%
eyes
29.4%
eyes
29.4%
wane,
12.9%
wane,
12.9%

You're not logged in!

Compare scores with friends on all Sporcle quizzes.
OR
Log In

Sporcle TV

Today on Sporcle TV


Watch our educational content, quiz creation guides, and fun videos on Sporcle TV.

Show Comments

Extras

Created Aug 11, 2016ReportNominate
Tags:Song Quiz, ferdinand, Franz

Top Quizzes Today


Score Distribution

Your Account Isn't Verified!

In order to create a playlist on Sporcle, you need to verify the email address you used during registration. Go to your Sporcle Settings to finish the process.

Report this User

Report this user for behavior that violates our Community Guidelines.

Details: